Pre-degree General English (Record no. 16202)
[ view plain ]
| 000 -LEADER | |
|---|---|
| fixed length control field | 00230nam a22000977a 4500 |
| 003 - CONTROL NUMBER IDENTIFIER | |
| control field | OSt |
| 008 - FIXED-LENGTH DATA ELEMENTS--GENERAL INFORMATION | |
| fixed length control field | 200623b ||||| |||| 00| 0 eng d |
| 100 ## - MAIN ENTRY--AUTHOR NAME | |
| Personal name | K N vasudeva panikkar |
| 245 ## - TITLE STATEMENT | |
| Title | Pre-degree General English |
| 942 ## - ADDED ENTRY ELEMENTS (KOHA) | |
| Koha item type | Books |
| Withdrawn status | Lost status | Damaged status | Home library | Current library | Date acquired | Cost, normal purchase price | Accession Number | Koha item type |
|---|---|---|---|---|---|---|---|---|
| Withdrawn | Lost and Paid For | KAUAET | KAUAET | 23/06/2020 | 1.75 | 7337 | Books | |
| Withdrawn | KAUAET | KAUAET | 16/11/2023 | 11457 | Books | |||
| Withdrawn | KAUAET | KAUAET | 16/11/2023 | 11458 | Books | |||
| Withdrawn | KAUAET | KAUAET | 16/11/2023 | 11459 | Books | |||
| Withdrawn | KAUAET | KAUAET | 16/11/2023 | 11460 | Books | |||
| Withdrawn | KAUAET | KAUAET | 16/11/2023 | 11461 | Books | |||
| Withdrawn | KAUAET | KAUAET | 16/11/2023 | 11462 | Books | |||
| Withdrawn | KAUAET | KAUAET | 16/11/2023 | 11463 | Books | |||
| Withdrawn | KAUAET | KAUAET | 16/11/2023 | 11464 | Books | |||
| Withdrawn | KAUAET | KAUAET | 16/11/2023 | 11465 | Books | |||
| Withdrawn | KAUAET | KAUAET | 16/11/2023 | 11466 | Books | |||
| Withdrawn | KAUAET | KAUAET | 16/11/2023 | 11467 | Books | |||
| Withdrawn | KAUAET | Malayalam University | 16/11/2023 | 11468 | Books |
